000 00609nam a2200217Ia 4500
003 GCL
008 140319s9999 xx 000 0 ara d
040 _aGCL /
_cGCL
082 0 4 _a705
_bو ف
245 1 0 _aفنون مصرية
260 _aالقاهرة :
_bوزارة الثقافة ،
_c2004
300 _a158ص ؛
_c30سم
650 0 4 _aالعمارة الاسلامية
650 0 4 _aالمتحف المصرى
650 0 4 _aرسوم الاطفال
650 0 4 _aالتماثيل
650 0 4 _aمحمود سعيد
650 0 4 _aيحيى حقى
650 0 4 _aحامد عويس
942 _2ddc
_cBK
999 _c7843
_d7843